000 02679cam a22005054a 4500
001 muse33847
003 MdBmJHUP
005 20210127151054.0
006 m o d
007 cr||||||||nn|n
008 060426s2006 ohu o 00 0 eng d
010 _z 2006014116
020 _a9780814272374
020 _a0814272371
020 _z0814210309 (alk. paper)
020 _z9780814210307 (alk. paper)
020 _z9780814291078
035 _a(OCoLC)1229137976
040 _aMdBmJHUP
_cMdBmJHUP
043 _an-us---
050 0 4 _aPS153.N5
_bH223 2006
082 0 _a810.9/896073
_222
100 1 _aHakutani, Yoshinobu,
_d1935-
245 1 0 _aCross-Cultural Visions in African American Modernism
_bFrom Spatial Narrative to Jazz Haiku /
_cYoshinobu Hakutani.
264 1 _bOhio State University Press,
264 3 _bProject MUSE,
300 _a1 online resource (ix, 251 p.)
504 _aIncludes bibliographical references (p. 235-242) and index.
505 0 _aThe Chicago Renaissance, Theodore Dreiser, and Richard Wright's spatial narrative -- The cross-cultural vision of Ralph Ellison's Invisible man -- No name in the street : James Baldwin's exploration of American urban culture -- If Beale Street could talk : Baldwin's search for love and identity -- Jazz and Toni Morrison's urban imagination of desire and subjectivity -- Wright's The outsider and French existentialism -- Pagan Spain : Wright's discourse on religion and culture -- The African "primal outlook upon life" : Wright and Morrison -- The poetics of nature : Wright's haiku, Zen, and Lacan -- Private voice and Buddhist enlightenment in Alice Walker's The color purple -- Cross-cultural poetics : Sonia Sanchez's Like the singing coming off the drums -- James Emanuel's jazz haiku and African American individualism.
506 0 _aOpen Access
_fUnrestricted online access
_2star
588 _aDescription based on print version record.
650 0 _aModernism (Literature)
_zUnited States.
650 0 _aAfrican Americans
_xIntellectual life
_y20th century.
650 0 _aInfluence (Literary, artistic, etc.)
_xHistory
_y20th century.
650 0 _aAmerican literature
_xForeign influences.
650 0 _aAmerican literature
_xAfrican American authors
_xHistory and criticism.
655 7 _aElectronic books.
_2local
710 2 _aProject Muse.
_edistributor
830 0 _aBook collections on Project MUSE.
856 4 0 _zFull text available:
_uhttps://muse.jhu.edu/book/28054/
999 _c24500
_d24500